| 000 | 00645am a2200241a 44500 | ||
|---|---|---|---|
| 003 | AR-BaBNM | ||
| 005 | 20251128202816.0 | ||
| 008 | 257019s1984 #AR|||||||||||000 | spa|| | ||
| 040 | _cAR-BaBNM | ||
| 100 | 1 | _aGaitán, Herminio | |
| 245 | 1 | 0 | _aCombate de San Lorenzo |
| 250 | _a1ª ed. | ||
| 260 |
_aRosario _bUniversidad Nacional de Rosario _c1984 |
||
| 300 |
_a79 p. _bmapas, il., láms., tablas |
||
| 600 | 1 | 4 | _aSan Martín, José de |
| 650 | 4 | _aCOMBATE DE SAN LORENZO | |
| 650 | 4 | _aGRANADEROS A CABALLO | |
| 650 | 4 | _aHISTORIA MILITAR | |
| 650 | 4 | _aHISTORIA POLITICA | |
| 650 | 4 | _aHISTORIA SOCIAL | |
| 942 | _cBK | ||
| 998 | _cmariana | ||
| 999 |
_c676 _d676 |
||